I segreti di Milano : [racconti] : Il ponte della Ghisolfa /
Salvato in:
| Autore principale: | |
|---|---|
| Natura: | Libro |
| Lingua: | italiano |
| Pubblicazione: |
Milano :
Feltrinelli,
1960
|
| Edizione: | 3. ed |
| Tags: |
Nessun Tag, puoi essere il primo ad aggiungerne!!
|
MARC
| LEADER | 00000nam a22000007i 4500 | ||
|---|---|---|---|
| 001 | IT\ICCU\RAV\1969748 | ||
| 003 | ItRI | ||
| 005 | 20250627123651.0 | ||
| 008 | 121023s1960 it |||||| ||||| |||||c | ||
| 040 | |b ita |c Arcigay Genova | ||
| 041 | 7 | |a ita |2 ISO-639-2 | |
| 100 | |a Testori, Giovanni | ||
| 245 | 0 | 2 | |a I segreti di Milano : |b [racconti] : Il ponte della Ghisolfa / |c Giovanni Testori. |
| 250 | |a 3. ed | ||
| 260 | |a Milano : |b Feltrinelli, |c 1960 | ||
| 300 | |a 407 p. ; |c 20 cm | ||
| 942 | |2 ddc |c BK | ||
| 952 | |0 0 |1 0 |2 ddc |4 0 |6 B_LNR02TESGIPON11 |7 0 |9 4366 |a MI |b MI |d 2005-03-19 |i 16 |l 0 |o B-LNR02-TESGI-PON11 |p CDOM16 |r 2025-06-27 10:06:53 |w 2025-06-27 |x Acquisto |y BK | ||
| 981 | 1 | |6 z01 |a i |b xxxe | |
| 982 | 1 | |6 z01 |a n | |
| 999 | |c 3381 |d 3381 | ||